Länder Nordamerikas nach Größe - Statistiken

Allgemein
  • Dieses Quiz wurde 63 mal gespielt
  • Das Durchschnittsergebnis liegt bei 15 aus 23
Antworten auf der Karte
Die Antworten werden auf der Karte rot bzw. grün angezeigt, abhängig davon wie oft sie richtig erraten wurden.
 
Antwortstatistiken
Platz Land % Korrekt
1. Kanada
100%
3. Mexiko
100%
2. Vereinigte Staaten
100%
4. Nicaragua
85%
5. Honduras
81%
6. Kuba
81%
7. Guatemala
79%
8. Panama
77%
9. Costa Rica
72%
12. Belize
68%
10. Dominikanische Republik
68%
13. El Salvador
68%
11. Haiti
68%
14. Bahamas
64%
15. Jamaika
64%
16. Trinidad und Tobago
55%
17. Dominica
47%
18. St. Lucia
45%
23. St. Kitts und Nevis
42%
19. Antigua und Barbuda
38%
20. Barbados
38%
22. Grenada
36%
21. St. Vincent und die Grenadinen
36%
Keine übereinstimmenden Quizze gefunden
Verteilung der Resultate
Anzahl Personen mit jedem Resultat
Perzentil nach korrekt beantworteten Fragen
Ihre Resultats-Entwicklung
Sie haben dieses Quiz noch nicht gespielt